<?xml version="1.0" encoding="UTF-8"?>
<record
    xmlns:xsi="http://www.w3.org/2001/XMLSchema-instance"
    xsi:schemaLocation="http://www.loc.gov/MARC21/slim http://www.loc.gov/standards/marcxml/schema/MARC21slim.xsd"
    xmlns="http://www.loc.gov/MARC21/slim">

  <leader>00617nam a22001577a 4500</leader>
  <datafield tag="999" ind1=" " ind2=" ">
    <subfield code="c">108352</subfield>
    <subfield code="d">108352</subfield>
  </datafield>
  <controlfield tag="005">20181015093606.0</controlfield>
  <controlfield tag="008">181015b           ||||| |||| 00| 0 eng d</controlfield>
  <datafield tag="040" ind1=" " ind2=" ">
    <subfield code="c">PK-LaUMT</subfield>
  </datafield>
  <datafield tag="082" ind1=" " ind2=" ">
    <subfield code="a">R 320.95491</subfield>
    <subfield code="b">AHM-P</subfield>
  </datafield>
  <datafield tag="100" ind1=" " ind2=" ">
    <subfield code="a">Ahmad Saleem = &#x627;&#x62D;&#x645;&#x62F; &#x633;&#x644;&#x6CC;&#x645;</subfield>
  </datafield>
  <datafield tag="245" ind1=" " ind2=" ">
    <subfield code="a">Pakistan ki siyasi tareekh =  &#x67E;&#x627;&#x6A9;&#x633;&#x62A;&#x627;&#x646; &#x6A9;&#x6CC; &#x633;&#x6CC;&#x627;&#x633;&#x6CC; &#x62A;&#x627;&#x631;&#x6CC;&#x62E;  :</subfield>
    <subfield code="b"> &#x67E;&#x627;&#x6A9;&#x633;&#x62A;&#x627;&#x646;&#x6CC; &#x633;&#x6CC;&#x627;&#x633;&#x62A; &#x6A9;&#x6D2; &#x67E;&#x633; &#x67E;&#x631;&#x62F;&#x6C1; &#x62D;&#x627;&#x644;&#x627;&#x62A; &#x648; &#x648;&#x627;&#x642;&#x639;&#x627;&#x62A; &#x6A9;&#x627; &#x627;&#x646;&#x633;&#x627;&#x626;&#x6CC;&#x6A9;&#x644;&#x648; &#x67E;&#x6CC;&#x688;&#x6CC;&#x627; /</subfield>
    <subfield code="c">Ahmad Saleem = &#x627;&#x62D;&#x645;&#x62F; &#x633;&#x644;&#x6CC;&#x645;</subfield>
  </datafield>
  <datafield tag="260" ind1=" " ind2=" ">
    <subfield code="a">Lahore :</subfield>
    <subfield code="b">Darushoor,</subfield>
    <subfield code="c">2018</subfield>
  </datafield>
  <datafield tag="300" ind1=" " ind2=" ">
    <subfield code="a">4 vols.</subfield>
  </datafield>
  <datafield tag="650" ind1=" " ind2=" ">
    <subfield code="a">Pakistan- Political history</subfield>
  </datafield>
  <datafield tag="942" ind1=" " ind2=" ">
    <subfield code="c">REF</subfield>
  </datafield>
  <datafield tag="952" ind1=" " ind2=" ">
    <subfield code="0">0</subfield>
    <subfield code="1">0</subfield>
    <subfield code="4">0</subfield>
    <subfield code="7">0</subfield>
    <subfield code="a">01</subfield>
    <subfield code="b">01</subfield>
    <subfield code="d">2018-10-15</subfield>
    <subfield code="l">0</subfield>
    <subfield code="o">R 320.95491 AHM-P</subfield>
    <subfield code="p">124799</subfield>
    <subfield code="r">2018-10-15 00:00:00</subfield>
    <subfield code="t">Vol.1</subfield>
    <subfield code="w">2018-10-15</subfield>
    <subfield code="y">REF</subfield>
  </datafield>
  <datafield tag="952" ind1=" " ind2=" ">
    <subfield code="0">0</subfield>
    <subfield code="1">0</subfield>
    <subfield code="4">0</subfield>
    <subfield code="7">0</subfield>
    <subfield code="a">01</subfield>
    <subfield code="b">01</subfield>
    <subfield code="d">2018-10-15</subfield>
    <subfield code="l">0</subfield>
    <subfield code="o">R 320.95491 AHM-P</subfield>
    <subfield code="p">124800</subfield>
    <subfield code="r">2018-10-15 00:00:00</subfield>
    <subfield code="t">Vol.2</subfield>
    <subfield code="w">2018-10-15</subfield>
    <subfield code="y">REF</subfield>
  </datafield>
  <datafield tag="952" ind1=" " ind2=" ">
    <subfield code="0">0</subfield>
    <subfield code="1">0</subfield>
    <subfield code="4">0</subfield>
    <subfield code="7">0</subfield>
    <subfield code="a">01</subfield>
    <subfield code="b">01</subfield>
    <subfield code="d">2018-10-15</subfield>
    <subfield code="l">0</subfield>
    <subfield code="o">R 320.95491 AHM-P</subfield>
    <subfield code="p">124801</subfield>
    <subfield code="r">2018-10-15 00:00:00</subfield>
    <subfield code="t">Vol.3</subfield>
    <subfield code="w">2018-10-15</subfield>
    <subfield code="y">REF</subfield>
  </datafield>
  <datafield tag="952" ind1=" " ind2=" ">
    <subfield code="0">0</subfield>
    <subfield code="1">0</subfield>
    <subfield code="4">0</subfield>
    <subfield code="7">0</subfield>
    <subfield code="a">01</subfield>
    <subfield code="b">01</subfield>
    <subfield code="d">2018-10-15</subfield>
    <subfield code="l">0</subfield>
    <subfield code="o">R 320.95491 AHM-P</subfield>
    <subfield code="p">124802</subfield>
    <subfield code="r">2018-10-15 00:00:00</subfield>
    <subfield code="t">Vol.4</subfield>
    <subfield code="w">2018-10-15</subfield>
    <subfield code="y">REF</subfield>
  </datafield>
</record>
